LEADER 02314nam 2200385 450 001 9910479950303321 010 $a1-78785-039-0 010 $a0-8261-3825-X 035 $a(CKB)4100000005387572 035 $a(MiAaPQ)EBC5472191 035 $a(EXLCZ)994100000005387572 100 $a20180826d2019 uy 0 101 0 $aeng 135 $aurcnu|||||||| 181 $ctxt$2rdacontent 182 $cc$2rdamedia 183 $acr$2rdacarrier 200 00$aHandbook of cancer survivorship care /$feditors, Maria Alma Rodriguez, Lewis E. Foxhall 210 1$a[Place of publication not identified] :$cDemos Medical, an imprint of Springer Publishing,$d[2019] 210 4$dİ2019 215 $a1 online resource (255 pages) 311 $a0-8261-3819-5 320 $aIncludes bibliographical references and index. 327 $aDefining cancer survivors and survivorship / Maria Alma Rodriguez and Paula Lewis-Patterson -- Tools for clinicians / Guadalupe Palos and Katherine Gilmore -- Treatment related late and long-term effects / Jeong Oh -- Psychosocial issues / Lynn Waldmann and Karen Stepan -- Screening and prevention strategies / Therese Bevers and Suzanne Day -- Care of the older adult cancer survivor / Beatrice Edwards, Maria Suarez-Almazor, and Linda Pang -- Late effects in cancer survivors / Beatrice Edwards, Maria Suarez-Almazor, and Linda Pang -- Integrative medicine / Gabriel Lopez -- Childhood cancers / Joann Ater and Angela Yarbrough -- Management of breast cancers / Joyce Dains and Marita Lazzaro -- Management of colorectal cancers / George Chang and Tilu Ninan -- Management of prostate cancers / Jeri Kim, William Osai, and Spyridon Basourasko -- Management of head & neck cancers / Kristen Pytynia and Charlies Schreiner -- Management of lymphoma cancers / Maria Alma Rodriguez, Ellen Mullen and Haleigh Mistry -- Management of stem cell transplantation survivors / Amin Alousi and Karen Stolar -- Management of thyroid cancers / Johnny Rollins. 608 $aElectronic books. 676 $a616.99/40651 702 $aRodriguez$b Maria Alma 702 $aFoxhall$b Lewis E. 801 0$bMiAaPQ 801 1$bMiAaPQ 801 2$bMiAaPQ 906 $aBOOK 912 $a9910479950303321 996 $aHandbook of cancer survivorship care$92481408 997 $aUNINA LEADER 01641oam 2200457zu 450 001 9910671726103321 005 20210807004052.0 035 $a(CKB)2520000000000588 035 $a(SSID)ssj0000493025 035 $a(PQKBManifestationID)12188177 035 $a(PQKBTitleCode)TC0000493025 035 $a(PQKBWorkID)10499575 035 $a(PQKB)11063794 035 $a(EXLCZ)992520000000000588 100 $a20160829d2003 uy 101 0 $aeng 181 $ctxt 182 $cc 183 $acr 200 00$aCommunity-based interventions for criminal offenders with severe mental illness 210 31$a[Place of publication not identified]$cJAI$d2003 225 0 $aResearch in community and mental health Community-based interventions for criminal offenders with severe mental illness 300 $aBibliographic Level Mode of Issuance: Monograph 311 $a0-7623-0972-5 606 $aCommunity mental health services$xServices for$zUnited States 606 $aMentally ill offenders$zUnited States 606 $aPublic Health$2HILCC 606 $aHealth & Biological Sciences$2HILCC 606 $aMental Illness Prevention$2HILCC 615 0$aCommunity mental health services$xServices for 615 0$aMentally ill offenders 615 7$aPublic Health 615 7$aHealth & Biological Sciences 615 7$aMental Illness Prevention 676 $a362.2/086/9270973 702 $aFisher$b William H 801 0$bPQKB 906 $aBOOK 912 $a9910671726103321 996 $aCommunity-based interventions for criminal offenders with severe mental illness$93046766 997 $aUNINA LEADER 02374oam 2200661 450 001 9910715102603321 005 20210105112426.0 035 $a(CKB)5470000002508993 035 $a(OCoLC)679039799$z(OCoLC)622048860$z(OCoLC)667925654$z(OCoLC)971497291 035 $a(OCoLC)995470000002508993 035 $a(EXLCZ)995470000002508993 100 $a20101106d1988 ua 0 101 0 $aeng 135 $aurbn||||||||| 181 $ctxt$2rdacontent 182 $cc$2rdamedia 183 $acr$2rdacarrier 200 10$aFactors affecting leaching in agricultural areas and an assessment of agricultural chemicals in the ground water of Kansas /$fby Charles A. Perry, F. Victor Robbins, and Philip L. Barnes ; prepared in cooperation with the Kansas Department of Health and Environment 210 1$aLawrence, Kansas :$cU.S. Geological Survey,$d1988. 215 $a1 online resource (iv, 55 pages) $cillustrations, maps 225 1 $aWater-resources investigations report ;$v88-4104 320 $aIncludes bibliographical references (pages 43-45). 606 $aGroundwater$xPollution$zKansas 606 $aAgricultural chemicals$xEnvironmental aspects$zKansas 606 $aLeaching$zKansas 606 $aSoils$zKansas 606 $aAgricultural chemicals$xEnvironmental aspects$2fast 606 $aGroundwater$xPollution$2fast 606 $aLeaching$2fast 606 $aSoils$2fast 607 $aKansas$2fast 615 0$aGroundwater$xPollution 615 0$aAgricultural chemicals$xEnvironmental aspects 615 0$aLeaching 615 0$aSoils 615 7$aAgricultural chemicals$xEnvironmental aspects. 615 7$aGroundwater$xPollution. 615 7$aLeaching. 615 7$aSoils. 700 $aPerry$b Charles A.$0301927 702 $aRobbins$b F. V. 702 $aBarnes$b Philip L. 712 02$aGeological Survey (U.S.), 712 02$aKansas.$bDepartment of Health and Environment. 801 0$bOCLCE 801 1$bOCLCE 801 2$bOCLCQ 801 2$bOCLCF 801 2$bOCLCQ 801 2$bOCLCO 801 2$bOCLCQ 801 2$bCOP 801 2$bOCLCA 801 2$bGPO 906 $aBOOK 912 $a9910715102603321 996 $aFactors affecting leaching in agricultural areas and an assessment of agricultural chemicals in the ground water of Kansas$93472577 997 $aUNINA LEADER 01681nam0 22004093i 450 001 PUV0889525 005 20251003044315.0 010 $bNR. STD formalmente errato$z0849308925 100 $a20081121d2003 ||||0itac50 ba 101 | $aeng 102 $aus 181 1$6z01$ai $bxxxe 182 1$6z01$an 200 1 $aOptimal control systems$fDesineni Subbaram Naidu 210 $aBoca Raton [etc.]$cCRC press$dc2003 215 $aXXVI, 433 p.$cill.$d24 cm 225 | $aElectrical engineering textbook series 300 $aBibliografia: P. 415-424. 410 0$1001UBO1300479$12001 $aElectrical engineering textbook series 606 $aTeoria del controllo$2FIR$3CFIC103510$9E 606 $aSistemi di controllo automatici$2FIR$3CFIC002887$9E 606 $aOttimizzazione $2FIR$3MILC010488$9I 676 $a629.8$9INGEGNERIA DEI CONTROLLI AUTOMATICI$v14 676 $a629.8$9Ingegneria dei controlli automatici$v22 696 $aTeoria dei controlli automatici 696 $aControllo automatico mediante computer 699 $aTeoria del controllo$yTeoria dei controlli automatici 699 $aSistemi di controllo automatici$yControllo automatico mediante computer 700 1$aNaidu$b, Desineni Subbaram$f <1940- >$3PUVV328427$4070$057406 801 3$aIT$bIT-000000$c20081121 850 $aIT-BN0095 901 $bNAP 01$cSALA DING $n$ 912 $aPUV0889525 950 0$aBiblioteca Centralizzata di Ateneo$c1 v.$d 01SALA DING 629.8 NAI.op$e 0102 0000056545 VMA A4 1 v.$fY $h20050404$i20050404 977 $a 01 996 $aOptimal control systems$91539017 997 $aUNISANNIO